000 00669nam a22001937a 4500
999 _c2230
_d2230
003 AR-CdUCM
008 190304b ||||| |||| 00| 0 spa d
040 _aMUNICIPALIDAD PROVINCIAL DEL CUSCO
_cBIBLIOTECA MUNICIPAL DEL CUSCO
082 _a985.542 /
_bB46
100 _aBerrocal Falconi, Néstor
_98031
245 _aMonografía del distrito de Chumpi :
_bleyendas, tradiciones, folklore y etnología ayacuchana /
260 _aLima :
_b Universidad Nacional Mayor de San Marcos,
_c1971.
300 _a205 páginas ;
_c21 cm.
650 _aAyacucho
_93896
650 _aMitos y Leyendas
_94206
650 _aSaratarpuy
_98032
942 _2ddc
_cLIBROS
945 _araen